000 00269nam a2200121Ia 4500
008 190216s9999||||xx |||||||||||||| ||und||
100 _aHammond Innes
245 0 _aCampbell`S Kingdom
260 _bLongmans
_c1958
300 _a118p
650 _aSpeeches
942 _cBK
999 _c11730
_d11730